000 01338nam a2200361Ia 4500
001 ebr10654639
003 CaPaEBR
006 m u
007 cr cn|||||||||
008 100722s2010 nyu sb 001 0 eng d
010 _z 2010031170
020 _z9781617613340 (softcover)
020 _z9781617617010
040 _aCaPaEBR
_cCaPaEBR
035 _a(OCoLC)707080634
050 1 4 _aQP702.G560
_bP65 2010eb
082 0 4 _a572/.565
_222
100 1 _aPolakof, Sergio.
245 1 0 _aBrain glucosensing
_h[electronic resource] :
_bphysiological implications /
_cSergio Polakof.
260 _aHauppauge, NY :
_bNova Science Publishers,
_cc2010.
300 _aviii, 69 p.
490 0 _aNeurology - laboratory and clinical research developments
504 _aIncludes bibliographical references and index.
533 _aElectronic reproduction.
_bPalo Alto, Calif. :
_cebrary,
_d2013.
_nAvailable via World Wide Web.
_nAccess may be limited to ebrary affiliated libraries.
650 0 _aGlucose
_xMetabolism.
650 0 _aBrain.
650 0 _aNeurochemistry.
650 0 _aHomeostasis.
650 0 _aBlood sugar.
655 7 _aElectronic books.
_2local
710 2 _aebrary, Inc.
856 4 0 _uhttp://site.ebrary.com/lib/rucke/Doc?id=10654639
_zAn electronic book accessible through the World Wide Web; click to view
999 _c76816
_d76816